000 00446nam#a2200169#c#4500
003 IEF
005 20180219155214.0
008 950601s1969 uuu####fr####| 0||u| |u
040 _aIEF
110 2 _aFederal Reserve Bank of Boston
_931105
245 _aConsumer spending and monetary policy: the linkage
260 _c1969
490 _aFederal Reserve Bank of Boston. Conference series ; 5
942 _cLIB
942 _z48562
999 _c46860
_d46860